Enchanting a disenchanted world : (Record no. 2065)

MARC details
000 -LEADER
fixed length control field 00790cam a2200229 4500
001 - CONTROL NUMBER
control field 2600
005 - DATE AND TIME OF LATEST TRANSACTION
control field 20181127165339.0
008 - FIXED-LENGTH DATA ELEMENTS--GENERAL INFORMATION
fixed length control field 980820s1999 cau b 001 0 eng
010 ## - LIBRARY OF CONGRESS CONTROL NUMBER
LC control number 98040128
020 ## - INTERNATIONAL STANDARD BOOK NUMBER
International Standard Book Number 0761961011 (cloth : alk. paper)
International Standard Book Number 0761985115 (pbk. : acid-free paper)
043 ## - GEOGRAPHIC AREA CODE
Geographic area code n-us---
100 1# - MAIN ENTRY--PERSONAL NAME
Personal name Ritzer, George.
245 10 - TITLE STATEMENT
Title Enchanting a disenchanted world :
Remainder of title revolutionizing the means of consumption /
Statement of responsibility, etc. George Ritzer.
260 ## - PUBLICATION, DISTRIBUTION, ETC.
Place of publication, distribution, etc. Thousand Oaks, Calif. :
Name of publisher, distributor, etc. Pine Forge Press,
Date of publication, distribution, etc. c1999.
300 ## - PHYSICAL DESCRIPTION
Extent xii, 258 p. ;
Dimensions 23 cm.
504 ## - BIBLIOGRAPHY, ETC. NOTE
Bibliography, etc. note Includes bibliographical references (p. 218-250) and index.
650 #0 - SUBJECT ADDED ENTRY--TOPICAL TERM
Topical term or geographic name entry element Consumption (Economics)
Topical term or geographic name entry element Consumption (Economics)
Geographic subdivision United States.
Topical term or geographic name entry element Marketing
Geographic subdivision United States.
Topical term or geographic name entry element Marketing.
Holdings
Withdrawn status Lost status Source of classification or shelving scheme Damaged status Not for loan Collection code Home library Current library Shelving location Serial Enumeration / chronology Inventory number Total Checkouts Full call number Barcode Date last seen Price effective from Koha item type
    Dewey Decimal Classification     Main TEST RTC Library RTC Library Main opac 816   339.47 RIT 30003681 27/11/2018 27/11/2018 Main
Royal Thimphu College || All Right Reserved